Chiết tách, phân chia, xác định các chất bằng dung môi hữu cơ Lý thuyết, thực hành và ứng dụng

محفوظ في:
التفاصيل البيبلوغرافية
المؤلف الرئيسي: Hồ Viết Quý
التنسيق: كتاب
اللغة:Undetermined
منشور في: Hà Nội Khoa học kỹ thuật 2001
الموضوعات:
الوسوم: إضافة وسم
لا توجد وسوم, كن أول من يضع وسما على هذه التسجيلة!
Thư viện lưu trữ: Trung tâm Học liệu Trường Đại học Cần Thơ
LEADER 00669nam a2200193Ia 4500
001 CTU_46678
008 210402s9999 xx 000 0 und d
082 |a 543 
082 |b Qu600/T1 
100 |a Hồ Viết Quý 
245 0 |a Chiết tách, phân chia, xác định các chất bằng dung môi hữu cơ 
245 0 |b Lý thuyết, thực hành và ứng dụng 
245 0 |c Hồ Viết Quý 
260 |a Hà Nội 
260 |b Khoa học kỹ thuật 
260 |c 2001 
650 |a chemisstry, analytic,chemistry, physical and theoretical 
904 |i Minh 
980 |a Trung tâm Học liệu Trường Đại học Cần Thơ